000 00481nam a2200145Ia 4500
008 100122s9999 xx 000 0 und d
082 _b19620
_a823
100 _aभट रविंद्र
245 _aसागरा प्राण तळमळला
260 _bसंजय प्रकाशन
_c1973
300 _a421
630 _aसागरा प्राण तळमळला
730 _aसागरा प्राण तळमळला
942 _cBOOK
999 _c408616
_d408613